000 00676nam a2200253Ia 4500
003 OSt
005 20220924123721.0
006 a|||||r|||| 00| 0
007 ta
008 220923b |||||||| |||| 00| 0 urd d
020 _c50
024 _a321793
037 _cTextual
040 _aARTS
_cARTS
_burd
041 _2urd
_aurd
082 _aQ7:33, 168N7
100 _aFarooqi Nisar Ahmad Au.
_9193605
245 0 _aSeerate Tayyaba
260 _aNew Delhi
_b Islamic book faundetion India
_c1997
300 _a96p.
_ccm.
650 _aPROPHETS
_94238
942 _hQ7:33, 168N7
_cTEXL
_2CC
999 _c416853
_d416853